000 00310 a2200145 4500
001 160191
020 _a
040 _cMagnum
100 _aGeempa
240 1 0 _aAlfabetizacao em classes populares
_lpor
245 1 0 _aAlfabetizacao em classes populares
362 0 _a1899
697 _aENSINO
942 _cBK
999 _c160191
_d160191